[Event "Oberliga Ost A"]
[Site "?"]
[Date "2022.03.06"]
[Round "9.7"]
[White "Heyne, Jan Hendrik"]
[Black "Schaefer, Sven"]
[Result "1-0"]
[WhiteElo "1847"]
[BlackElo "1987"]
[PlyCount "83"]
[EventDate "2021.10.10"]
[EventType "team-tourn"]
[EventCountry "GER"]
[WhiteTeam "Magdeburg SG Aufbau Elbe II"]
[BlackTeam "Dessau SK"]
[WhiteTeamCountry "GER"]
[BlackTeamCountry "GER"]

1. d4 Nf6 2. Nf3 g6 3. Bf4 Bg7 4. e3 O-O 5. Nbd2 d5 6. Bd3 c5 7. c3 Nbd7 8. h3
b6 9. O-O Bb7 10. Qe2 Re8 11. a4 h6 12. a5 Ne4 13. Bb5 Nd6 14. a6 Bc8 15. Bc6
Rb8 16. Bxd5 b5 17. Ne5 Qc7 18. Nxf7 Kh7 19. Ne5 Nb6 20. Bf7 Bxe5 21. Bxe5 Rf8
22. Bb3 Nd7 23. Bg3 Nf6 24. e4 Nh5 25. Bh2 Rb6 26. e5 Ne8 27. Bc2 Nf4 28. Bxf4
Rxf4 29. Ne4 cxd4 30. cxd4 Be6 31. Rfc1 Bc4 32. Bd3 Bxd3 33. Qxd3 Qd7 34. Qe3
Rf5 35. Nc5 Qd5 36. Qe4 Qf7 37. Rc2 Nc7 38. Nd7 Rxa6 39. Rxa6 Nxa6 40. d5 e6
41. Nf6+ Kg7 42. d6 1-0

[Event "Oberliga Ost A"]
[Site "?"]
[Date "2022.05.07"]
[Round "9.1"]
[White "Zwahr, Paul"]
[Black "Natsidis, Christoph"]
[Result "1-0"]
[WhiteElo "2290"]
[BlackElo "2345"]
[PlyCount "53"]
[EventDate "2021.10.10"]
[EventType "team-tourn"]
[EventCountry "GER"]
[WhiteTeam "Dresden SG Gruen Weiss"]
[BlackTeam "Leipzig SG"]
[WhiteTeamCountry "GER"]
[BlackTeamCountry "GER"]

1. e4 c5 2. Nf3 e6 3. d4 cxd4 4. Nxd4 a6 5. Bd3 Nf6 6. O-O Qc7 7. Qe2 d6 8. f4
g6 9. f5 Bg7 10. Bg5 O-O 11. Nd2 Nc6 12. Nxc6 Qxc6 13. e5 dxe5 14. Bxf6 Bxf6
15. fxg6 fxg6 16. Ne4 Bg7 17. Rxf8+ Kxf8 18. Qg4 Kg8 19. Ng5 e4 20. Bxe4 Qc5+
21. Kh1 Bd7 22. Rd1 Be8 23. Qxe6+ Kh8 24. Bd5 Qf8 25. Bc4 Bxb2 26. Rf1 Qg7 27.
Qd6 1-0

[Event "Oberliga Ost A"]
[Site "?"]
[Date "2022.05.07"]
[Round "9.2"]
[White "Richter, Leonard"]
[Black "Dahl, Christoph"]
[Result "1/2-1/2"]
[WhiteElo "2298"]
[BlackElo "2368"]
[PlyCount "95"]
[EventDate "2021.10.10"]
[EventType "team-tourn"]
[EventCountry "GER"]
[WhiteTeam "Leipzig SG"]
[BlackTeam "Dresden SG Gruen Weiss"]
[WhiteTeamCountry "GER"]
[BlackTeamCountry "GER"]

1. e4 c5 2. Nf3 d6 3. d4 cxd4 4. Nxd4 Nf6 5. Nc3 a6 6. Bg5 Nbd7 7. Bc4 Qb6 8.
Bb3 e6 9. Qd2 Be7 10. O-O-O Nc5 11. Rhe1 O-O 12. f4 h6 13. Bxf6 Bxf6 14. Kb1
Qc7 15. g4 b5 16. g5 hxg5 17. fxg5 Be5 18. Nf3 Bb7 19. Nxe5 dxe5 20. a3 Rfd8
21. Qg2 Rd4 22. g6 Rad8 23. Rxd4 exd4 24. Qh3 Nxb3 25. Qh7+ Kf8 26. Qh8+ Ke7
27. Nd5+ Bxd5 28. Qh4+ f6 29. exd5 Nd2+ 30. Kc1 Rc8 31. Rxe6+ Kd7 32. Rc6 Qe5
33. Rxc8 Kxc8 34. Kxd2 Qe3+ 35. Kd1 Qf3+ 36. Kd2 Qe3+ 37. Kd1 Qg1+ 38. Qe1 Qxh2
39. Qe6+ Kb7 40. Qe7+ Kb6 41. Qe6+ Ka7 42. Qd7+ Kb8 43. Qe8+ Ka7 44. Qe7+ Kb6
45. Qe6+ Ka7 46. Qd7+ Kb8 47. Qe8+ Ka7 48. Qd7+ 1/2-1/2

[Event "Oberliga Ost A"]
[Site "?"]
[Date "2022.05.07"]
[Round "9.3"]
[White "Siedentopf, Daniel"]
[Black "Nguyen, Alex Dac Vuong"]
[Result "1/2-1/2"]
[WhiteElo "2262"]
[BlackElo "2314"]
[PlyCount "158"]
[EventDate "2021.10.10"]
[EventType "team-tourn"]
[EventCountry "GER"]
[WhiteTeam "Dresden SG Gruen Weiss"]
[BlackTeam "Leipzig SG"]
[WhiteTeamCountry "GER"]
[BlackTeamCountry "GER"]

1. d4 e6 2. c4 Nf6 3. Nc3 Bb4 4. f3 d5 5. a3 Bxc3+ 6. bxc3 c5 7. cxd5 Nxd5 8.
dxc5 Qa5 9. e4 Nf6 10. Be3 O-O 11. Kf2 Nfd7 12. a4 Nxc5 13. Qd6 Nba6 14. Bxa6
Nxa6 15. Ne2 Rd8 16. Qe7 Bd7 17. Rab1 Qc7 18. a5 Re8 19. Qa3 e5 20. c4 f5 21.
exf5 Bxf5 22. Rbc1 Rad8 23. Rhd1 Rxd1 24. Rxd1 Qxc4 25. Bxa7 Nb4 26. Qc3 Qb5
27. Ng3 Bg6 28. Kg1 Nc6 29. Bb6 Re7 30. h4 Qa4 31. Ra1 Qxh4 32. Bf2 Qf6 33. a6
bxa6 34. Rxa6 Re6 35. Qc4 Nd8 36. Bb6 Bf7 37. Ne4 Qh4 38. Bf2 Rxa6 39. Qxa6 Qe7
40. Qa8 Be8 41. Bc5 Qc7 42. Bd6 Qd7 43. Bxe5 Nc6 44. Bc3 Qa7+ 45. Qxa7 Nxa7 46.
Be1 Bc6 47. Nc3 Nc8 48. Bf2 Nd6 49. Bc5 Nf5 50. Ne2 Nh4 51. Be7 Nf5 52. Bc5 Nh4
53. Be7 Ng6 54. Bd6 Kf7 55. Nd4 Bd5 56. Kf2 Kf6 57. Ne2 Nh4 58. Bc5 g5 59. Bd4+
Kg6 60. Ng3 Bb7 61. Be3 h6 62. Bd2 Bc6 63. Be3 Kf6 64. Bd4+ Kf7 65. Be3 Bd5 66.
Bd2 Ke6 67. Bc3 Kf7 68. Bd2 Kg6 69. Be3 Be6 70. Bd2 Bc8 71. Bc3 Bb7 72. Bd2 Bc6
73. Be3 h5 74. Bb6 g4 75. Bd8 Nf5 76. Nxf5 Kxf5 77. fxg4+ hxg4 78. Kg3 Kg6 79.
Kxg4 Bxg2 1/2-1/2

[Event "Oberliga Ost A"]
[Site "?"]
[Date "2022.05.07"]
[Round "9.4"]
[White "Heistermann, Till"]
[Black "Nake, Matthias"]
[Result "1/2-1/2"]
[WhiteElo "2195"]
[BlackElo "2161"]
[PlyCount "124"]
[EventDate "2021.10.10"]
[EventType "team-tourn"]
[EventCountry "GER"]
[WhiteTeam "Leipzig SG"]
[BlackTeam "Dresden SG Gruen Weiss"]
[WhiteTeamCountry "GER"]
[BlackTeamCountry "GER"]

1. c4 c5 2. g3 g6 3. Bg2 Bg7 4. Nc3 Nc6 5. e4 d6 6. Nge2 e6 7. d3 Nge7 8. O-O
O-O 9. a3 Qd7 10. Rb1 b6 11. Be3 Nd4 12. b4 Bb7 13. Qd2 Rad8 14. Bh6 Bxh6 15.
Qxh6 Nxe2+ 16. Nxe2 f5 17. Qe3 e5 18. f4 Qc7 19. fxe5 dxe5 20. bxc5 bxc5 21.
Nc3 f4 22. Qd2 fxg3 23. hxg3 Bc8 24. Nd5 Nxd5 25. cxd5 Rxf1+ 26. Rxf1 Rf8 27.
Rc1 Bd7 28. Qe3 Rc8 29. Qg5 Qd6 30. Rf1 Kg7 31. Rb1 h6 32. Qe3 Rc7 33. Qf2 Bc8
34. Rf1 h5 35. Qe3 Rf7 36. Rc1 Rc7 37. Qg5 Qf6 38. Qe3 Qd6 39. Kh2 Qe7 40. Qf2
Qf6 41. Qxf6+ Kxf6 42. Bh3 Bxh3 43. Kxh3 g5 44. Rf1+ Kg6 45. Rf5 c4 46. dxc4
Rxc4 47. Rxe5 Rc3 48. d6 Rd3 49. Re6+ Kf7 50. Re7+ Kf6 51. e5+ Kf5 52. d7 Rd2
53. g4+ hxg4+ 54. Kg3 Rd3+ 55. Kg2 g3 56. e6 Kg4 57. Rf7 Rd2+ 58. Kg1 Kh3 59.
Rh7+ Kg4 60. Rh8 Rd1+ 61. Kg2 Rd2+ 62. Kf1 Rd1+ 1/2-1/2

[Event "Oberliga Ost A"]
[Site "?"]
[Date "2022.05.07"]
[Round "9.5"]
[White "Butscher, Daniel"]
[Black "Roesemann, Rainer"]
[Result "1-0"]
[WhiteElo "2083"]
[BlackElo "2262"]
[PlyCount "67"]
[EventDate "2021.10.10"]
[EventType "team-tourn"]
[EventCountry "GER"]
[WhiteTeam "Dresden SG Gruen Weiss"]
[BlackTeam "Leipzig SG"]
[WhiteTeamCountry "GER"]
[BlackTeamCountry "GER"]

1. d4 Nf6 2. Nc3 d5 3. Bf4 Bf5 4. f3 e6 5. g4 Bg6 6. h4 h6 7. e3 c5 8. Nb5 Na6
9. c3 Be7 10. Bd3 Bxd3 11. Qxd3 O-O 12. Ne2 Qb6 13. a4 Ne8 14. Ng3 Nd6 15. g5
cxd4 16. exd4 Nxb5 17. axb5 Nc7 18. gxh6 g6 19. h7+ Kxh7 20. h5 f5 21. hxg6+
Kxg6 22. Rh6+ Kg7 23. Qe3 Rf6 24. Nh5+ Kf7 25. Nxf6 Bxf6 26. Rxf6+ Kxf6 27.
Qe5+ Kg6 28. Qxc7 Rh8 29. Qxb6 axb6 30. Ke2 Rh4 31. Rg1+ Kf7 32. Bc7 f4 33. Rg2
Kf6 34. Bd8+ 1-0

[Event "Oberliga Ost A"]
[Site "?"]
[Date "2022.05.07"]
[Round "9.6"]
[White "Hoffmann, Hendrik"]
[Black "Hutsch, Oliver"]
[Result "1-0"]
[WhiteElo "2219"]
[BlackElo "2142"]
[PlyCount "83"]
[EventDate "2021.10.10"]
[EventType "team-tourn"]
[EventCountry "GER"]
[WhiteTeam "Leipzig SG"]
[BlackTeam "Dresden SG Gruen Weiss"]
[WhiteTeamCountry "GER"]
[BlackTeamCountry "GER"]

1. e4 c6 2. d4 d5 3. Nc3 dxe4 4. Nxe4 Bf5 5. Ng3 Bg6 6. h4 h6 7. Nh3 Nf6 8. Nf4
Bh7 9. Bc4 Nbd7 10. O-O Nb6 11. Bb3 Nbd5 12. Nxd5 cxd5 13. Ba4+ Nd7 14. Qh5 e6
15. Re1 Be7 16. Rxe6 g6 17. Qe5 O-O 18. Bxd7 fxe6 19. Bxe6+ Rf7 20. Bxh6 Bf6
21. Qxd5 Qxd5 22. Bxd5 Rd8 23. Bxf7+ Kxf7 24. c3 Bxh4 25. Ne4 Rd5 26. f4 Be7
27. Bg5 Bg8 28. Re1 Bd8 29. a3 b6 30. Kf2 Kg7 31. Bxd8 Rxd8 32. Ng5 Kf6 33. Re5
Bc4 34. g4 Bb3 35. Kg3 Bc4 36. Ne4+ Kf7 37. f5 Bd5 38. Kf4 Bc4 39. f6 Rd7 40.
g5 Kf8 41. Nf2 Bb3 42. Ng4 1-0

[Event "Oberliga Ost A"]
[Site "?"]
[Date "2022.05.07"]
[Round "9.7"]
[White "Rudolf, Matthias"]
[Black "Rausch, Stephan"]
[Result "1/2-1/2"]
[WhiteElo "2094"]
[BlackElo "2285"]
[PlyCount "26"]
[EventDate "2021.10.10"]
[EventType "team-tourn"]
[EventCountry "GER"]
[WhiteTeam "Dresden SG Gruen Weiss"]
[BlackTeam "Leipzig SG"]
[WhiteTeamCountry "GER"]
[BlackTeamCountry "GER"]

1. e4 e6 2. d4 d5 3. exd5 exd5 4. Nf3 Bd6 5. Bd3 Nf6 6. O-O O-O 7. Bg5 Bg4 8.
Nbd2 h6 9. Bh4 Bf4 10. c3 Qd6 11. Bg3 Nbd7 12. Re1 Rfe8 13. Qc2 c6 1/2-1/2

[Event "Oberliga Ost A"]
[Site "?"]
[Date "2022.05.07"]
[Round "9.8"]
[White "Halas, Julia"]
[Black "Salewski, Bernd"]
[Result "0-1"]
[WhiteElo "2024"]
[BlackElo "1964"]
[PlyCount "144"]
[EventDate "2021.10.10"]
[EventType "team-tourn"]
[EventCountry "GER"]
[WhiteTeam "Leipzig SG"]
[BlackTeam "Dresden SG Gruen Weiss"]
[WhiteTeamCountry "GER"]
[BlackTeamCountry "GER"]

1. d4 e6 2. c4 f5 3. g3 Nf6 4. Bg2 d5 5. Nc3 c6 6. Nh3 Be7 7. O-O O-O 8. b3 Qe8
9. f3 Bb4 10. Bb2 Qh5 11. Nf2 Nbd7 12. e4 dxc4 13. bxc4 Rd8 14. Qb3 Bf8 15. e5
Ne8 16. Nd3 Nc7 17. Rad1 Qf7 18. Rfe1 Nb6 19. Nf4 g5 20. Nh3 h6 21. f4 g4 22.
Nf2 Qe7 23. a3 Rb8 24. Qa2 Kf7 25. Rd2 Bd7 26. Red1 Be8 27. Bf1 h5 28. a4 a5
29. Qb1 Bd7 30. Qc2 Qb4 31. Nd3 Qe7 32. Nc5 Na6 33. Nxa6 bxa6 34. Rb1 Bc8 35.
Bc1 Qc7 36. Qa2 Bb4 37. Qc2 Bxc3 38. Qxc3 Nxa4 39. Qa1 Rxb1 40. Qxb1 Nc3 41.
Qc2 Ne4 42. Rd1 Bb7 43. c5 Qd7 44. Bb2 h4 45. Bd3 Qd5 46. Bc4 Qd7 47. Bd3 Qd5
48. Bxe4 fxe4 49. Re1 hxg3 50. hxg3 Rh8 51. Re3 Kg6 52. Qxe4+ Qxe4 53. Rxe4 a4
54. Bc3 a5 55. Re2 Rh3 56. Be1 Ba6 57. Ra2 Bb5 58. Kg2 Kf5 59. Ra3 Ke4 60. Bf2
Kd5 61. Rc3 Bc4 62. Ra3 Bb3 63. Ra1 Kc4 64. Rc1+ Kd3 65. Bg1 a3 66. Ra1 a2 67.
Rc1 Kd2 68. Ra1 Bd5+ 69. Kf2 Kc2 70. Re1 Bc4 71. Kg2 Kb2 72. d5 Bxd5+ 0-1

[Event "Oberliga Ost A"]
[Site "?"]
[Date "2022.03.06"]
[Round "9.1"]
[White "Bures, Jaroslav"]
[Black "Schunk, Thomas"]
[Result "1/2-1/2"]
[WhiteElo "2433"]
[BlackElo "2143"]
[PlyCount "101"]
[EventDate "2021.10.10"]
[EventType "team-tourn"]
[EventCountry "GER"]
[WhiteTeam "Hoyerswerda FVS ASP"]
[BlackTeam "Leipzig SG II"]
[WhiteTeamCountry "GER"]
[BlackTeamCountry "GER"]

1. d4 f5 2. Nc3 d5 3. Bf4 e6 4. e3 Nf6 5. h4 c6 6. Nce2 Nbd7 7. h5 Qa5+ 8. c3
b5 9. a3 Qb6 10. Nf3 Ne4 11. Ne5 Ndf6 12. f3 Nd6 13. Nc1 Be7 14. Ncd3 a5 15. a4
O-O 16. Be2 Nc4 17. b3 Nxe5 18. Bxe5 b4 19. c4 dxc4 20. bxc4 c5 21. Nxc5 Rd8
22. Nb3 Nd7 23. Bg3 e5 24. Bf2 Qh6 25. Qc2 exd4 26. exd4 Re8 27. Kf1 Kh8 28.
Bd3 Rf8 29. Re1 Bg5 30. d5 Nb6 31. Bxb6 Qxb6 32. c5 Qd8 33. d6 Bd7 34. c6 Rc8
35. Bb5 Bxc6 36. Bxc6 Qxd6 37. Nxa5 Bd8 38. h6 Bxa5 39. hxg7+ Kxg7 40. Qb2+ Rf6
41. Bb5 b3 42. Rc1 Rc2 43. Rxc2 Qd1+ 44. Kf2 Bb6+ 45. Kg3 bxc2 46. Rxh7+ Kxh7
47. Qxf6 Bc7+ 48. Kf2 Bb6+ 49. Kg3 Qe1+ 50. Kh3 Qh1+ 51. Kg3 1/2-1/2

[Event "Oberliga Ost A"]
[Site "?"]
[Date "2022.03.06"]
[Round "9.2"]
[White "Pietzsch, Manuel"]
[Black "Orsag, Milan"]
[Result "1/2-1/2"]
[WhiteElo "2134"]
[BlackElo "2307"]
[PlyCount "95"]
[EventDate "2021.10.10"]
[EventType "team-tourn"]
[EventCountry "GER"]
[WhiteTeam "Leipzig SG II"]
[BlackTeam "Hoyerswerda FVS ASP"]
[WhiteTeamCountry "GER"]
[BlackTeamCountry "GER"]

1. e4 c5 2. Nf3 e6 3. d4 cxd4 4. Nxd4 Nc6 5. Nc3 a6 6. Bf4 d6 7. Nxc6 bxc6 8.
Qd2 d5 9. O-O-O Nf6 10. g4 Bb4 11. Bg2 O-O 12. a3 Be7 13. g5 Nd7 14. h4 Nb6 15.
Bf1 Bb7 16. Qe3 Rc8 17. Rg1 Nd7 18. Qh3 Re8 19. g6 hxg6 20. h5 g5 21. h6 g6 22.
h7+ Kh8 23. Be3 Bf6 24. f4 gxf4 25. Bxf4 Bg7 26. Bh6 Bxh6+ 27. Qxh6 Qf6 28. Bd3
Qg7 29. Qg5 d4 30. Ne2 c5 31. b3 Ne5 32. Rdf1 Red8 33. Ng3 Nd7 34. Qe7 f6 35.
Qxe6 Re8 36. Qh3 Ne5 37. Nf5 Qd7 38. Qh6 Qxh7 39. Qxh7+ Kxh7 40. Nd6 Re7 41.
Nxc8 Bxc8 42. Rxf6 a5 43. Rf8 Bb7 44. Rh1+ Kg7 45. Rfh8 Bc6 46. Bf1 Kf6 47.
Rf8+ Kg7 48. Rfh8 1/2-1/2

[Event "Oberliga Ost A"]
[Site "?"]
[Date "2022.03.06"]
[Round "9.4"]
[White "Dietze, Frank"]
[Black "Hovsepyan, Vardan"]
[Result "0-1"]
[WhiteElo "2057"]
[BlackElo "2240"]
[PlyCount "64"]
[EventDate "2021.10.10"]
[EventType "team-tourn"]
[EventCountry "GER"]
[WhiteTeam "Leipzig SG II"]
[BlackTeam "Hoyerswerda FVS ASP"]
[WhiteTeamCountry "GER"]
[BlackTeamCountry "GER"]

1. Nh3 d5 2. g3 e5 3. d4 Nc6 4. dxe5 Nxe5 5. Bg2 Nf6 6. Bg5 c6 7. Qd4 Bd6 8.
O-O h6 9. Bf4 Qe7 10. Nc3 g5 11. Bxe5 Bxe5 12. Qd2 d4 13. Nd1 Ne4 14. Bxe4 Bxh3
15. Bg2 Bxg2 16. Kxg2 O-O-O 17. Qa5 Kb8 18. c3 Bc7 19. Qf5 Qxe2 20. cxd4 Qe7
21. Nc3 Rxd4 22. Rae1 Qb4 23. Ne4 Rhd8 24. a3 Qxb2 25. Rb1 Qa2 26. Nc5 Bb6 27.
Qe5+ Ka8 28. Nb3 Rd3 29. Rb2 Qxa3 30. Rfb1 Qd6 31. Qg7 Qd5+ 32. f3 Qxf3+ 0-1

[Event "Oberliga Ost A"]
[Site "?"]
[Date "2022.03.06"]
[Round "9.5"]
[White "Boehm, Robert"]
[Black "Haufe, Laurin"]
[Result "1/2-1/2"]
[WhiteElo "2145"]
[BlackElo "2074"]
[PlyCount "95"]
[EventDate "2021.10.10"]
[EventType "team-tourn"]
[EventCountry "GER"]
[WhiteTeam "Hoyerswerda FVS ASP"]
[BlackTeam "Leipzig SG II"]
[WhiteTeamCountry "GER"]
[BlackTeamCountry "GER"]

1. d4 Nf6 2. Nf3 e6 3. g3 c5 4. c4 cxd4 5. Nxd4 d5 6. Bg2 e5 7. Nf3 d4 8. O-O
Nc6 9. e3 Be7 10. exd4 exd4 11. Re1 O-O 12. Bf4 Be6 13. Ne5 Qb6 14. Qb3 Bb4 15.
Bd2 Bxd2 16. Nxd2 Qa5 17. Ndf3 Rab8 18. Qd3 Rfd8 19. a3 Nxe5 20. Nxe5 Nd7 21.
Qxd4 Nxe5 22. Rxe5 Qa4 23. Bd5 b5 24. Qc3 bxc4 25. Bxe6 fxe6 26. Rxe6 Rd3 27.
Qe5 Rd1+ 28. Rxd1 Qxd1+ 29. Kg2 Rf8 30. Re7 Qf3+ 31. Kh3 Rf6 32. Re6 Qxf2 33.
Rxf6 gxf6 34. Qd5+ Kg7 35. Qxc4 Qxb2 36. Qc7+ Kg6 37. Qxa7 Qb5 38. Qd4 h5 39.
Qe4+ Kh6 40. Qf4+ Kg6 41. a4 Qd7+ 42. Kh4 Qd5 43. g4 hxg4 44. Qxg4+ Kh6 45.
Qf4+ Kg6 46. Qg4+ Kh6 47. Kg3 Qb3+ 48. Kh4 1/2-1/2

[Event "Oberliga Ost A"]
[Site "?"]
[Date "2022.03.06"]
[Round "9.6"]
[White "Limpert, Michael"]
[Black "Grohmann, Alexander"]
[Result "0-1"]
[WhiteElo "2119"]
[BlackElo "1961"]
[PlyCount "42"]
[EventDate "2021.10.10"]
[EventType "team-tourn"]
[EventCountry "GER"]
[WhiteTeam "Leipzig SG II"]
[BlackTeam "Hoyerswerda FVS ASP"]
[WhiteTeamCountry "GER"]
[BlackTeamCountry "GER"]

1. e4 c5 2. Nc3 a6 3. g3 g6 4. Bg2 Bg7 5. d3 e6 6. Be3 d6 7. Qd2 Nc6 8. Nf3
Nge7 9. Bh6 O-O 10. h4 Nd4 11. Nxd4 cxd4 12. Ne2 Qb6 13. O-O-O Nc6 14. Bxg7
Kxg7 15. h5 Qb4 16. Qf4 Rh8 17. hxg6 fxg6 18. Rh6 Qc5 19. a3 Qe5 20. Qh4 Qf6
21. Qh2 Qg5+ 0-1

[Event "Oberliga Ost A"]
[Site "?"]
[Date "2022.03.06"]
[Round "9.7"]
[White "Heyme, Sibylle"]
[Black "Gempe, Thomas"]
[Result "0-1"]
[WhiteElo "2018"]
[BlackElo "2162"]
[PlyCount "76"]
[EventDate "2021.10.10"]
[EventType "team-tourn"]
[EventCountry "GER"]
[WhiteTeam "Hoyerswerda FVS ASP"]
[BlackTeam "Leipzig SG II"]
[WhiteTeamCountry "GER"]
[BlackTeamCountry "GER"]

1. Nf3 d5 2. d4 Nf6 3. g3 e6 4. Bg2 Be7 5. O-O O-O 6. c4 dxc4 7. Ne5 Nc6 8.
Nxc6 bxc6 9. Bxc6 Rb8 10. Bg2 c5 11. dxc5 Bxc5 12. Nc3 Bb7 13. Qc2 Bxg2 14.
Kxg2 Qc7 15. Rb1 Bd4 16. Bd2 Rfd8 17. Rfc1 Rbc8 18. Be1 h5 19. Kg1 a6 20. Ne4
h4 21. Nxf6+ Bxf6 22. Bc3 Qc6 23. Bxf6 h3 24. f3 gxf6 25. Qc3 e5 26. Qe3 Kg7
27. Rc2 Rd4 28. Rbc1 Qd5 29. Kf2 Rd8 30. Rc3 a5 31. R3c2 a4 32. Rc3 Qb5 33.
R3c2 Qb4 34. g4 Rd1 35. Rxd1 Rxd1 36. Qc3 Qc5+ 37. Kg3 Qg1+ 38. Kxh3 Rd8 0-1

[Event "Oberliga Ost A"]
[Site "?"]
[Date "2022.03.06"]
[Round "9.8"]
[White "Neuhoff, Laertes"]
[Black "Hassemeier, Mika"]
[Result "0-1"]
[WhiteElo "1937"]
[BlackElo "2109"]
[PlyCount "112"]
[EventDate "2021.10.10"]
[EventType "team-tourn"]
[EventCountry "GER"]
[WhiteTeam "Leipzig SG II"]
[BlackTeam "Hoyerswerda FVS ASP"]
[WhiteTeamCountry "GER"]
[BlackTeamCountry "GER"]

1. e4 c6 2. d4 g6 3. h4 h5 4. c3 d5 5. e5 Nh6 6. Nf3 Bg4 7. Bd3 e6 8. Nbd2 Nf5
9. g3 c5 10. Bxf5 Bxf5 11. Qb3 Qb6 12. O-O Nc6 13. Re1 c4 14. Qxb6 axb6 15. Nf1
b5 16. Bd2 b4 17. Rec1 b5 18. Ne3 Be7 19. Nxf5 gxf5 20. Rcb1 O-O 21. Ne1 Ra6
22. Nc2 Rfa8 23. a3 b3 24. Ne1 b4 25. cxb4 Nxd4 26. Rd1 Ra4 27. Kf1 Nc6 28. f4
Bxb4 29. Bxb4 Nxb4 30. Rac1 Na2 31. Ra1 c3 32. Nd3 cxb2 33. Nxb2 Rxa3 34. Rd3
Nb4 35. Rxa3 Rxa3 36. Rc3 d4 37. Rc4 Ra1+ 38. Ke2 Ra2 39. Rxb4 Rxb2+ 40. Kd1 d3
41. Rd4 Rg2 42. Rxd3 b2 43. Rb3 Kf8 44. Rb7 Ke8 45. Rb6 Kd7 46. Rb3 Kc6 47. Rb8
Kd5 48. Rb5+ Ke4 49. Rb3 b1=Q+ 50. Rxb1 Rg1+ 51. Kc2 Rxb1 52. Kxb1 Kf3 53. Kc2
Kxg3 54. Kd3 Kxh4 55. Ke2 Kg3 56. Ke3 h4 0-1

[Event "Oberliga Ost A"]
[Site "?"]
[Date "2022.03.06"]
[Round "9.2"]
[White "Collini, Carsten"]
[Black "Stolz, Mike"]
[Result "1-0"]
[WhiteElo "2112"]
[BlackElo "2339"]
[PlyCount "51"]
[EventDate "2021.10.10"]
[EventType "team-tourn"]
[EventCountry "GER"]
[WhiteTeam "Leipzig VfB"]
[BlackTeam "Magdeburg SV Rochade"]
[WhiteTeamCountry "GER"]
[BlackTeamCountry "GER"]

1. e4 e5 2. Nf3 Nc6 3. Bc4 Bc5 4. c3 Nf6 5. d4 exd4 6. cxd4 Bb4+ 7. Bd2 Bxd2+
8. Nbxd2 d5 9. exd5 Nxd5 10. Qb3 Nce7 11. O-O O-O 12. Rfe1 b6 13. a4 a5 14. Re5
c6 15. Rae1 Ba6 16. Bxa6 Rxa6 17. Ng5 Ng6 18. Qh3 h6 19. Nxf7 Qf6 20. Rf5 Qxd4
21. Nf3 Qxb2 22. Qg4 Ra7 23. Qxg6 Nf6 24. Nxh6+ Kh8 25. Ng4 Nh7 26. Rh5 1-0

[Event "Oberliga Ost A"]
[Site "?"]
[Date "2022.03.06"]
[Round "9.4"]
[White "Just, Wolfgang"]
[Black "Kahe, Ralph"]
[Result "1-0"]
[WhiteElo "2075"]
[BlackElo "2170"]
[PlyCount "47"]
[EventDate "2021.10.10"]
[EventType "team-tourn"]
[EventCountry "GER"]
[WhiteTeam "Leipzig VfB"]
[BlackTeam "Magdeburg SV Rochade"]
[WhiteTeamCountry "GER"]
[BlackTeamCountry "GER"]

{[%evp 0,47,31,31,72,14,4,12,23,23,42,33,42,5,3,-13,15,-4,-26,-27,-6,13,3,-17,
0,-5,-9,-16,8,-1,70,53,64,18,35,15,6,-94,103,170,202,266,327,349,68,67,516,213,
486,486]} 1. e4 g6 2. f4 d5 3. e5 c5 4. Nf3 Bg4 5. Bb5+ Nc6 6. Bxc6+ bxc6 7.
O-O h5 8. Qe1 Nh6 9. Ng5 e6 10. d3 Qb6 11. c4 Bf5 12. Rf3 Be7 13. Nc3 Qb4 14.
Bd2 Qxb2 15. Rb1 Qa3 16. cxd5 exd5 17. e6 f6 18. Nf7 Nxf7 19. exf7+ Kf8 20. Rb7
c4 21. d4 Qd6 22. Re3 Bd7 23. Nb5 cxb5 24. Rxe7 1-0

[Event "Oberliga Ost A"]
[Site "?"]
[Date "2022.03.06"]
[Round "9.5"]
[White "Schulze, Nick"]
[Black "Rohne, Lars"]
[Result "1/2-1/2"]
[WhiteElo "1953"]
[BlackElo "2111"]
[PlyCount "55"]
[EventDate "2021.10.10"]
[EventType "team-tourn"]
[EventCountry "GER"]
[WhiteTeam "Magdeburg SV Rochade"]
[BlackTeam "Leipzig VfB"]
[WhiteTeamCountry "GER"]
[BlackTeamCountry "GER"]

1. e4 c5 2. Nf3 d6 3. d4 cxd4 4. Nxd4 Nf6 5. Nc3 a6 6. Be2 e5 7. Nb3 Be6 8. O-O
Be7 9. Kh1 Nbd7 10. f4 Rc8 11. f5 Bc4 12. g4 h6 13. Be3 Bxe2 14. Qxe2 Rxc3 15.
bxc3 Nxe4 16. Qf3 Ndf6 17. Nd2 Nxd2 18. Bxd2 Qc7 19. Rab1 e4 20. Qg3 Qc6 21.
Be3 Nd7 22. Bd4 O-O 23. h4 f6 24. Qe3 d5 25. Rb3 b5 26. Rfb1 Re8 27. Rg1 Kf7
28. Rbb1 1/2-1/2

[Event "Oberliga Ost A"]
[Site "?"]
[Date "2022.03.06"]
[Round "9.7"]
[White "Weitz, Andreas"]
[Black "Gerhardt, Dirk"]
[Result "1-0"]
[WhiteElo "1917"]
[BlackElo "1814"]
[PlyCount "85"]
[EventDate "2021.10.10"]
[EventType "team-tourn"]
[EventCountry "GER"]
[WhiteTeam "Magdeburg SV Rochade"]
[BlackTeam "Leipzig VfB"]
[WhiteTeamCountry "GER"]
[BlackTeamCountry "GER"]

1. d4 d5 2. c4 e6 3. Nf3 Nf6 4. Bg5 Nbd7 5. Nc3 c6 6. cxd5 exd5 7. a3 Be7 8. e3
O-O 9. Bd3 Re8 10. O-O Ne4 11. Bxe7 Qxe7 12. Rc1 Ndf6 13. Ne5 Nxc3 14. Rxc3 Ne4
15. Bxe4 dxe4 16. f4 f6 17. Nc4 Be6 18. Na5 Bd5 19. Qc2 Rab8 20. b4 a6 21. Rc1
Qd7 22. a4 Re7 23. Qb2 Qd8 24. Nc4 Bxc4 25. Rxc4 h6 26. b5 cxb5 27. axb5 Qb6
28. Rc5 Kh7 29. Rb1 Qd6 30. bxa6 Qxa6 31. Ra1 Qd6 32. Qb5 Qd7 33. Qxd7 Rxd7 34.
Rb1 Kg6 35. g4 Kf7 36. f5 b6 37. Rcb5 Rdb7 38. Kf2 h5 39. Kg3 hxg4 40. Kxg4 g5
41. fxg6+ Kxg6 42. h4 Kf7 43. h5 1-0

[Event "Oberliga Ost A"]
[Site "?"]
[Date "2022.03.06"]
[Round "9.8"]
[White "Thiergen, Sven"]
[Black "Schwarz, Hans"]
[Result "1/2-1/2"]
[WhiteElo "2046"]
[BlackElo "1879"]
[PlyCount "55"]
[EventDate "2021.10.10"]
[EventType "team-tourn"]
[EventCountry "GER"]
[WhiteTeam "Leipzig VfB"]
[BlackTeam "Magdeburg SV Rochade"]
[WhiteTeamCountry "GER"]
[BlackTeamCountry "GER"]

1. e4 e6 2. d4 d5 3. Nd2 c5 4. Ngf3 Nc6 5. exd5 exd5 6. dxc5 Bxc5 7. Nb3 Bd6 8.
c3 Nge7 9. Be2 O-O 10. O-O Bg4 11. Bg5 h6 12. Bh4 Qc7 13. Bg3 Bxg3 14. fxg3
Rad8 15. Nfd4 Bxe2 16. Qxe2 Nxd4 17. Nxd4 Nc6 18. Nf5 Ne5 19. Rae1 f6 20. Rf4
Rde8 21. Qd2 Qc5+ 22. Kh1 Nc4 23. Qc1 Re5 24. b4 Qc7 25. Ref1 Nd6 26. Nxd6 Qxd6
27. c4 dxc4 28. Qxc4+ 1/2-1/2

[Event "Oberliga Ost A"]
[Site "?"]
[Date "2022.06.26"]
[Round "9.1"]
[White "Engelmann, Jakob"]
[Black "Mastrovasilis, Dimitrios"]
[Result "0-1"]
[WhiteElo "2272"]
[BlackElo "2613"]
[PlyCount "90"]
[EventDate "2021.10.10"]
[EventType "team-tourn"]
[EventCountry "GER"]
[WhiteTeam "Sangerhausen SV"]
[BlackTeam "Plauen SK Koenig"]
[WhiteTeamCountry "GER"]
[BlackTeamCountry "GER"]

1. d4 d5 2. c4 e6 3. Nc3 Bb4 4. Nf3 dxc4 5. Qa4+ Nc6 6. a3 Bxc3+ 7. bxc3 Qd5 8.
g3 Bd7 9. Qc2 Nf6 10. Bg2 Na5 11. O-O Bc6 12. Bg5 h6 13. Bxf6 gxf6 14. Nh4 Qd6
15. e4 O-O-O 16. Qe2 h5 17. f4 Qe7 18. Rfe1 Kb8 19. Bf3 b6 20. Ng2 e5 21. Ne3
exd4 22. Nf5 Qc5 23. cxd4 Rxd4 24. Nxd4 Nb3 25. Kg2 Nxd4 26. Qe3 f5 27. Red1
fxe4 28. Qxd4 exf3+ 29. Kf2 Re8 30. Ra2 Qxd4+ 31. Rxd4 b5 32. h3 a6 33. g4 hxg4
34. hxg4 Be4 35. Ra1 c3 36. Rc1 c5 37. Rd6 c2 38. f5 Kc7 39. Rxa6 b4 40. axb4
cxb4 41. Ra4 b3 42. Rb4 Bd5 43. g5 Re2+ 44. Kf1 Rh2 45. Kg1 Rd2 0-1